000 00292nam a22001337a 4500
008 171013b xxu||||| |||| 00| 0 eng d
020 _a9780205156269
041 _aeng
080 _23RD
_a316
100 _a50
101 _aSOC
245 _aSOCIOLOGICAL THEORY
_cASHLEY,D
942 _2udc
_cBK
999 _c33574
_d33574